Canadian journal of fisheries and aquatic sciences Journal canadien des sciences halieutiques et aquatiques
Saved in:
| Corporate Authors: | , |
|---|---|
| Format: | Serial |
| Language: | English |
| Published: |
[Ottawa] :
National Research Council Canada,
1980-
|
| Subjects: | |
| Tags: |
Add Tag
No Tags, Be the first to tag this record!
|
MARC
| LEADER | 00000cas a2200000 i 4500 | ||
|---|---|---|---|
| 001 | 1/34885 | ||
| 008 | 030401c19809999cn r r | |eng|| | ||
| 022 | |a 0706-652X | ||
| 035 | |l 10069782 | ||
| 040 | |a GR-MY-UA |b gre |e aacr | ||
| 041 | 0 | |a eng | |
| 082 | 0 | |a 639.02 |2 (21) | |
| 245 | 0 | 0 | |a Canadian journal of fisheries and aquatic sciences |h [περιοδικό] = |b Journal canadien des sciences halieutiques et aquatiques / |c National Research Council Canada ; Canada. Dept. of fisheries and Oceans. |
| 246 | 1 | |i Παράλληλος τίτλος: |a Journal canadien des sciences halieutiques et aquatiques | |
| 260 | |a [Ottawa] : |b National Research Council Canada, |c 1980- | ||
| 300 | |a v. : |b εικ. ; |c 28 εκ. | ||
| 310 | |a Μηνιαίο | ||
| 650 | 0 | |a Fisheries |z Canada |x Periodicals. | |
| 650 | 0 | |a Aquatic sciences |z Canada |x Periodicals. | |
| 650 | 0 | |a Fishes |z Canada |x Periodicals. | |
| 710 | 2 | |a National Research Council Canada. | |
| 710 | 1 | |a Canada. |b Department of Fisheries and Oceans. | |
| 853 | |a INST |b LESVOS |c SER |h 639.02 | ||
| 922 | |a 1ΕΛΗ |b 198601 |c ΤΜΗΜΑ ΠΕΡΙΒΑΛΛΟΝΤΟΣ |d ΕΛΕΥΘΕΡΟΥΔΑΚΗΣ | ||
| 970 | |a ΤΖΑΦΕΡΗ |b ΕΥΑΓΓΕΛΙΑ |z 2003/04/01 | ||